What's In The Middle? - Statistics

General Stats
  • This quiz has been taken 45,213 times
    45,180 since last reset
  • The average score is 14 of 20
Answer Stats
Hint Middle Hint % Correct
Canada United States Mexico
99%
Rock Paper Scissors
96%
Gold Silver Bronze
96%
Solid Liquid Gas
90%
Estonia Latvia Lithuania
83%
Bacon Lettuce Tomato
79%
Honduras Nicaragua Costa Rica
74%
Hear no evil {Speak} no evil See no evil
70%
Quadruple Quintuple Sextuple
68%
Romania Moldova Ukraine
66%
Chad Niger Mali
66%
Hickory Dickory Dock
61%
Homo habilis Homo {erectus} Homo sapiens
61%
The Sorcerer’s Stone The {Chamber} {of} {Secrets} The Prisoner of Azkaban
57%
Four Calling Birds Three {French} {Hens} Two Turtle Doves
57%
Id Ego Super Ego
55%
Lyndon B. Johnson John F. Kennedy Dwight D. Eisenhower
49%
Species Genus Family
48%
The Niña The {Pinta} The Santa Maria
48%
Delta Epsilon Zeta
34%
No matching quizzes found
Score Distribution
Percent of People with Each Score
Percentile by Number Answered
Your Score History
You have not taken this quiz since the last reset